000 00999nam0a22002651 4500
001 v19\rc\1750160
005 20250619062104.0
035 _a(NLR Aleph) 004854506
090 _a4952455
_c4952455
100 _a20061204d1904 |||y0rusy50 ca
101 0 _arus
102 _aRU
105 _ay z |||||
200 1 _aПисьменные упражнения в русском первоначальном правописании
_eУчеб. пособие для нар. уч-щ Риж. учеб. окр.
_eСост. применительно к пример. прогр. этих уч-щ, изд. в 1899 г.
_fЯ. Рукис
205 _a2-е изд., испр. и доп.
210 _aЛемзаль
_cтип. К. Пауцита
_d1904
215 _a72, IV с.
_d18
700 1 _aРукис
_bЯ.
_4220
801 0 _aRU
_bNLR
_gpsbo
801 0 _aRU
_bRuMoRGB
_2psbo
801 1 _aRU
_bProSoft-M
_2rusmarc
852 _aNLR
_j34.48.6.1478
899 _aRuMoRGB
_jF 68/285
942 _cBOOK
980 _aNB